000 00330nam a22001337a 4500
008 250508b |||||||| |||| 00| 0 eng d
020 _a970972617
050 _aNK 2116
_b.H37
100 _aFenando De Haro
245 _aInteriors:Modern And Emerging Tendencies
260 _bA.M. Publishers
_c2005
300 _a194p.
942 _cBK
999 _c3370
_d3370